000
00209 a2200097 4500
001
43257
100
_a
Butter
245
_a
The way of all flesh
260
_a
Middleser
_b
Penguin bks
_c
090
_c
27099
_d
27099
942
_a
NUST-CAE
_c
M
_c
19001
999
_c
278330
_d
278330